000 00722nam a2200253Ia 4500
003 OSt
005 20221006142920.0
006 a|||||r|||| 00| 0
007 ta
008 221006b |||||||| |||| 00| 0 eng d
020 _a0520037677
_c127.08
024 _a7,521
037 _cTextual
040 _aEASL
_cEASL
_beng
041 _2eng
_aeng
082 _aV42:1973(zB).M60, L9
100 _aMIYOSHI Masao
245 0 _aAs we saw them
_b The first Japanese embassy to the United States 1860
260 _aBerkeley
_bUniversity of California Press
_c1979
300 _a232p.
_ccm.
490 _v JEL
942 _hV42:1973(zB).M60, L9
_cTEXL
_2CC
999 _c1075607
_d1075607